[Event "Rhein Main op-A 22nd"]
[Site "Bad Homburg"]
[Date "2019.06.22"]
[Round "5"]
[White "Pade, Joachim"]
[Black "Weiland, Thomas"]
[Result "1/2-1/2"]
[WhiteElo "1646"]
[BlackElo "1817"]
[PlyCount "81"]
[EventDate "2019.06.19"]
[EventType "swiss"]
[EventRounds "9"]
[EventCountry "GER"]
[SourceTitle "EXT 2020"]
[Source "ChessBase"]
[SourceDate "2019.10.17"]
[SourceVersion "1"]
[SourceVersionDate "2019.10.17"]
[SourceQuality "1"]

1. e4 e6 2. d3 d5 3. Nd2 Nc6 4. g3 Nf6 5. Bg2 Be7 6. Ne2 0-0 7. 0-0 Bd7 8. h3 Rb8 9. c3 h6 10. Nb3 Qc8 11. Kh2 Rd8 12. f4 dxe4 13. dxe4 e5 14. Qc2 exf4 15. gxf4 Be6 16. Be3 Bc4 17. Rg1 Bd3 18. Qd2 Bxe4 19. Nbd4 Bxg2 20. Rxg2 Kh8 21. Ng3 Nxd4 22. cxd4 Bd6 23. Rf1 Rg8 24. Qd3 g6 25. d5 Bf8 26. Bd4 Bg7 27. f5 g5 28. Bxf6 Bxf6 29. Nh5 Be5+ 30. Kg1 f6 31. Re2 Qd8 32. Rxe5 fxe5 33. f6 Qd6 34. f7 Rg6 35. f8Q+ Rxf8 36. Rxf8+ Qxf8 37. Qxg6 Qc5+ 38. Kf1 Qc1+ 39. Kg2 Qxb2+ 40. Kf3 Qc3+ 41. Kf2 1/2-1/2

[Event "Rhein Main op-A 22nd"]
[Site "Bad Homburg"]
[Date "2019.06.21"]
[Round "4"]
[White "Marchese, Gaspare"]
[Black "Pade, Joachim"]
[Result "1-0"]
[WhiteElo "1893"]
[BlackElo "1646"]
[PlyCount "53"]
[EventDate "2019.06.19"]
[EventType "swiss"]
[EventRounds "9"]
[EventCountry "GER"]
[SourceTitle "EXT 2020"]
[Source "ChessBase"]
[SourceDate "2019.10.17"]
[SourceVersion "1"]
[SourceVersionDate "2019.10.17"]
[SourceQuality "1"]

1. e4 e6 2. d4 d5 3. Nc3 Bb4 4. e5 c5 5. dxc5 Bxc3+ 6. bxc3 Qa5 7. Nf3 Qxc3+ 8. Bd2 Qxc5 9. Bd3 Nc6 10. Rb1 a6 11. 0-0 b5 12. Re1 Bd7 13. Ng5 Nge7 14. Qh5 g6 15. Qh6 Nf5 16. Bxf5 exf5 17. e6 0-0-0 18. exd7+ Rxd7 19. Qg7 Rhd8 20. Nf3 f6 21. Qxf6 Rf8 22. Qe6 Rff7 23. Ne5 Nxe5 24. Qxa6+ Kc7 25. Rxe5 Rd6 26. Ba5+ Kd7 27. Qb7+ 1-0

[Event "Rhein Main op-A 22nd"]
[Site "Bad Homburg"]
[Date "2019.06.20"]
[Round "2"]
[White "Tremoehlen, Thomas"]
[Black "Pade, Joachim"]
[Result "1-0"]
[WhiteElo "1977"]
[BlackElo "1646"]
[PlyCount "113"]
[EventDate "2019.06.19"]
[EventType "swiss"]
[EventRounds "9"]
[EventCountry "GER"]
[SourceTitle "EXT 2020"]
[Source "ChessBase"]
[SourceDate "2019.10.17"]
[SourceVersion "1"]
[SourceVersionDate "2019.10.17"]
[SourceQuality "1"]

1. b3 Nf6 2. Bb2 g6 3. e4 d6 4. Qe2 Bg7 5. d4 0-0 6. Nd2 a5 7. Ngf3 Nc6 8. a3 Re8 9. Rd1 b6 10. g3 Ba6 11. c4 e5 12. d5 Ne7 13. Bh3 Nd7 14. 0-0 Rb8 15. a4 Nc5 16. Nh4 c6 17. dxc6 Nxc6 18. Qf3 Nb4 19. Nb1 Qe7 20. Bg2 Bb7 21. Nc3 Nc2 22. Nd5 Bxd5 23. Rxd5 Nd4 24. Bxd4 exd4 25. Qd1 Nxe4 26. Bxe4 Qxe4 27. Rxd6 Rbd8 28. Rxd8 Rxd8 29. Re1 Qb7 30. Ng2 g5 31. Qd3 Qd7 32. Re4 Re8 33. Rxe8+ Qxe8 34. Kf1 Qe6 35. Ne1 Qh3+ 36. Kg1 Qd7 37. Nf3 g4 38. Nh4 h5 39. Nf5 Bf6 40. Ne3 Bg7 41. Nd5 Qd8 42. Kf1 h4 43. Qf5 h3 44. Qxg4 Qd6 45. Qxh3 Qe5 46. Qf5 Qd6 47. Qd3 Qh6 48. Kg2 Qe6 49. f4 f5 50. Kf3 Kh8 51. Qe2 Qg6 52. Kg2 Kh7 53. h3 Kh6 54. Qe7 Kh7 55. Qh4+ Bh6 56. Qf6 Qh5 57. Qe7+ 1-0

[Event "Heusenstamm Sparkassen op-A 5th"]
[Site "Heusenstamm"]
[Date "2018.11.25"]
[Round "7"]
[White "Muedder, Melanie"]
[Black "Pade, Joachim"]
[Result "1-0"]
[WhiteElo "1855"]
[BlackElo "1630"]
[PlyCount "63"]
[EventDate "2018.11.22"]
[EventType "swiss"]
[EventRounds "7"]
[EventCountry "GER"]
[SourceTitle "CBM 188 Extra"]
[Source "ChessBase"]
[SourceDate "2019.02.28"]
[SourceVersion "1"]
[SourceVersionDate "2019.02.28"]
[SourceQuality "1"]

1. e4 c6 2. Nf3 d5 3. exd5 cxd5 4. Ne5 Nf6 5. d4 g6 6. Bb5+ Bd7 7. Nxd7 Nbxd7 8. 0-0 Bg7 9. Nd2 0-0 10. c3 a6 11. Bd3 Rc8 12. f4 Qb6 13. Kh1 e6 14. Qe1 Ne8 15. Nf3 Nd6 16. Ne5 Nxe5 17. fxe5 Nc4 18. b3 Na5 19. Ba3 Rfd8 20. Be7 Rd7 21. Bh4 Nc6 22. Qd2 Nxe5 23. dxe5 Bxe5 24. Bf6 Bd6 25. Rf3 Bf8 26. Rh3 Qd6 27. Qg5 Bg7 28. Bxg7 Kxg7 29. Qh6+ Kf6 30. Qh4+ Kg7 31. Qxh7+ Kf6 32. Rf1+ 1-0

[Event "Heusenstamm Sparkassen op-A 5th"]
[Site "Heusenstamm"]
[Date "2018.11.22"]
[Round "1"]
[White "Pade, Joachim"]
[Black "Oezdemir, Ali Oezden"]
[Result "0-1"]
[WhiteElo "1630"]
[BlackElo "1972"]
[PlyCount "74"]
[EventDate "2018.11.22"]
[EventType "swiss"]
[EventRounds "7"]
[EventCountry "GER"]
[SourceTitle "CBM 188 Extra"]
[Source "ChessBase"]
[SourceDate "2019.02.28"]
[SourceVersion "1"]
[SourceVersionDate "2019.02.28"]
[SourceQuality "1"]

1. e4 c5 2. a3 d6 3. b4 Nf6 4. Nc3 Nbd7 5. g3 g6 6. Bg2 Bg7 7. Nge2 0-0 8. 0-0 Rb8 9. d3 b5 10. Be3 a5 11. bxc5 dxc5 12. h3 Ne8 13. Rb1 Ba6 14. f4 b4 15. axb4 cxb4 16. Na4 Rc8 17. Qd2 Bb5 18. Nb2 Qc7 19. Rfc1 Bc3 20. Qd1 a4 21. Qf1 a3 22. Nd1 a2 23. Ndxc3 axb1Q 24. Rxb1 Bxd3 25. Nd5 Bxe2 26. Nxe7+ Kg7 27. Qxe2 Qxc2 28. Qe1 Ra8 29. Rxb4 Ra2 30. Qf1 Nd6 31. g4 Rb8 32. Rxb8 Nxb8 33. Qf3 Nc6 34. e5 Nc4 35. Bc5 N4xe5 36. Qd5 Qc1+ 37. Kh2 Qxf4+ 0-1

[Event "Hessen-chB"]
[Site "Marburg"]
[Date "2017.??.??"]
[Round "3"]
[White "Tornay, Haizea"]
[Black "Pade, Joachim"]
[Result "0-1"]
[WhiteElo "1284"]
[BlackElo "1628"]
[PlyCount "104"]
[EventDate "2017.05.24"]
[EventType "swiss"]
[EventRounds "7"]
[EventCountry "GER"]
[SourceTitle "EXT 2018"]
[Source "ChessBase"]
[SourceDate "2017.10.13"]
[SourceVersion "1"]
[SourceVersionDate "2017.10.13"]
[SourceQuality "1"]

1. e4 c6 2. d4 d5 3. exd5 cxd5 4. Nc3 Nf6 5. Nf3 Bg4 6. Be2 e6 7. 0-0 Bxf3 8. Bxf3 Nc6 9. Ne2 b5 10. c3 Be7 11. Ng3 0-0 12. Bf4 Rc8 13. a3 Qb6 14. Qd3 a5 15. Rfc1 a4 16. Be2 Na7 17. Be5 Nd7 18. Nh5 Nxe5 19. dxe5 f5 20. exf6 Bxf6 21. Nxf6+ Rxf6 22. Qd4 Qc7 23. Bg4 Re8 24. Re1 Kh8 25. Re2 Rf4 26. Qd2 Rxg4 27. Rae1 Rg6 28. Qd3 Qc6 29. Qd4 Nc8 30. Qb4 Nd6 31. Qf4 Nc4 32. Qf3 Rf6 33. Qg3 h6 34. Qd3 e5 35. Rd1 Rd8 36. Rde1 Rg6 37. Qf3 e4 38. Qf7 Rf6 39. Qh5 Re8 40. Rd1 Re5 41. Qh4 Qe6 42. Rb1 e3 43. fxe3 Rxe3 44. Rxe3 Qxe3+ 45. Kh1 Qd3 46. Qe1 Ne3 47. Kg1 Rf1+ 48. Qxf1 Nxf1 49. Rxf1 Qe3+ 50. Kh1 Qd2 51. h3 Qxb2 52. Rf5 Qb1+ 0-1

[Event "Hessen-chB"]
[Site "Marburg"]
[Date "2017.??.??"]
[Round "7"]
[White "Weber, Andreas"]
[Black "Pade, Joachim"]
[Result "1-0"]
[WhiteElo "1793"]
[BlackElo "1628"]
[PlyCount "69"]
[EventDate "2017.05.24"]
[EventType "swiss"]
[EventRounds "7"]
[EventCountry "GER"]
[SourceTitle "EXT 2018"]
[Source "ChessBase"]
[SourceDate "2017.10.13"]
[SourceVersion "1"]
[SourceVersionDate "2017.10.13"]
[SourceQuality "1"]

1. e4 e6 2. Qe2 Be7 3. d3 c5 4. Nf3 d5 5. e5 Nc6 6. g3 Bd7 7. Bg2 Qc7 8. Bf4 h6 9. h4 Qb6 10. c3 0-0-0 11. 0-0 f6 12. d4 g5 13. exf6 Bxf6 14. hxg5 hxg5 15. Nxg5 Bxg5 16. Bxg5 Re8 17. dxc5 Qxc5 18. b4 Qd6 19. Qe3 b6 20. a4 Nge7 21. Na3 Nf5 22. Nb5 Qb8 23. Qf4 e5 24. Qd2 d4 25. cxd4 Nfxd4 26. Nxd4 exd4 27. Rfc1 Qe5 28. b5 Reg8 29. bxc6 Bh3 30. f4 Qd6 31. Qd3 Qc7 32. Bxh3+ Rxh3 33. Qf5+ Kb8 34. Qxh3 d3 35. Qd7 1-0

[Event "Heusenstamm Sparkassen op-A 3rd"]
[Site "Heusenstamm"]
[Date "2016.11.27"]
[Round "6"]
[White "Berkes, Joerg"]
[Black "Pade, Joachim"]
[Result "1-0"]
[WhiteElo "1833"]
[BlackElo "1672"]
[PlyCount "131"]
[EventDate "2016.11.24"]
[EventType "swiss"]
[EventRounds "7"]
[EventCountry "GER"]
[SourceTitle "EXT 2018"]
[Source "ChessBase"]
[SourceDate "2017.10.13"]
[SourceVersion "1"]
[SourceVersionDate "2017.10.13"]
[SourceQuality "1"]

1. Nf3 e6 2. g3 f5 3. d3 Nf6 4. Bg2 Be7 5. Nc3 0-0 6. e4 fxe4 7. dxe4 d6 8. Qe2 e5 9. Ng5 h6 10. Qc4+ Kh8 11. Nf7+ Rxf7 12. Qxf7 Nc6 13. Be3 Nb4 14. Qb3 a5 15. a3 Nc6 16. Nd5 Ng4 17. Nxe7 Qxe7 18. 0-0-0 Nxe3 19. Qxe3 Be6 20. f4 b5 21. f5 Bg8 22. Rhf1 Qf6 23. h4 b4 24. a4 Nd4 25. Rh1 c5 26. g4 Qf7 27. b3 c4 28. Rxd4 exd4 29. Qxd4 cxb3 30. e5 Rc8 31. Be4 dxe5 32. Qxe5 Re8 33. Qd4 Qc7 34. Rf1 Rd8 35. Qb2 Qd7 36. f6 Qd2+ 37. Kb1 Qd1+ 38. Qc1 bxc2+ 39. Bxc2 Qxc1+ 40. Kxc1 gxf6 41. Rxf6 Kg7 42. Rg6+ Kf8 43. Rxh6 b3 44. Bf5 Rd4 45. Ra6 Rxa4 46. h5 Ra1+ 47. Kb2 Ra2+ 48. Kc3 a4 49. h6 Rh2 50. Ra8+ Kf7 51. g5 Rf2 52. Be4 b2 53. Rxa4 Ke6 54. Rb4 Rf4 55. h7 Bxh7 56. Bxh7 Rf3+ 57. Kxb2 Rg3 58. Rb5 Kf7 59. Bc2 Kg7 60. Rb7+ Kh8 61. g6 Kg8 62. Bb3+ Kf8 63. Rf7+ Ke8 64. Ba4+ Kd8 65. g7 Kc8 66. Rf8+ 1-0

[Event "Heusenstamm Sparkassen op-A 3rd"]
[Site "Heusenstamm"]
[Date "2016.11.27"]
[Round "7"]
[White "Pade, Joachim"]
[Black "Traut, Stefan"]
[Result "0-1"]
[WhiteElo "1672"]
[BlackElo "1738"]
[PlyCount "96"]
[EventDate "2016.11.24"]
[EventType "swiss"]
[EventRounds "7"]
[EventCountry "GER"]
[SourceTitle "EXT 2018"]
[Source "ChessBase"]
[SourceDate "2017.10.13"]
[SourceVersion "1"]
[SourceVersionDate "2017.10.13"]
[SourceQuality "1"]

1. e4 c5 2. a3 Nc6 3. b4 b6 4. b5 Na5 5. Bb2 d6 6. Nc3 Nf6 7. Nf3 g6 8. Nd5 Bg7 9. Nxf6+ Bxf6 10. Bxf6 exf6 11. h3 Qe7 12. Qe2 Bb7 13. d3 0-0 14. g3 Rfe8 15. Nd2 Qe5 16. Rc1 Qc3 17. Bg2 Rad8 18. 0-0 d5 19. Nb1 Qe5 20. Kh2 dxe4 21. Qd2 f5 22. Rce1 Qd4 23. Re3 Qf6 24. Nc3 Nc4 25. Qe1 Nxe3 26. fxe3 Qe7 27. dxe4 Bxe4 28. Bxe4 fxe4 29. Ne2 Qe5 30. Nf4 f5 31. h4 Rd7 32. Rf2 Red8 33. Qb1 Qc3 34. Qa2+ c4 35. Kh3 Rd2 36. Ne2 Qxc2 37. Qxc2 Rxc2 38. g4 fxg4+ 39. Kxg4 Rdd2 40. Rf4 Rxe2 41. Rxe4 Rg2+ 42. Kf4 Kf7 43. Rd4 Rgd2 44. Re4 c3 45. Kg5 Rc1 46. Rc4 c2 47. Rc7+ Ke6 48. Rxa7 Rg1+ 0-1

[Event "Heusenstamm Sparkassen op-A 3rd"]
[Site "Heusenstamm"]
[Date "2016.11.24"]
[Round "1"]
[White "Pade, Joachim"]
[Black "Kuepper, Martin"]
[Result "0-1"]
[WhiteElo "1672"]
[BlackElo "2019"]
[PlyCount "62"]
[EventDate "2016.11.24"]
[EventType "swiss"]
[EventRounds "7"]
[EventCountry "GER"]
[SourceTitle "EXT 2018"]
[Source "ChessBase"]
[SourceDate "2017.10.13"]
[SourceVersion "1"]
[SourceVersionDate "2017.10.13"]
[SourceQuality "1"]

1. e4 d5 2. exd5 Nf6 3. Bc4 Nxd5 4. Qf3 c6 5. Ne2 e5 6. 0-0 Bc5 7. c3 Nf6 8. h3 0-0 9. d3 Re8 10. Bg5 Be6 11. Bb3 Nbd7 12. Nd2 Qb6 13. Rad1 a5 14. Bxe6 Rxe6 15. Nc4 Qb5 16. Ng3 e4 17. Nxe4 Rxe4 18. dxe4 Qxc4 19. Bxf6 Nxf6 20. Rfe1 Qxa2 21. Rd2 Qe6 22. g4 h6 23. Qg2 Re8 24. Ree2 Qe5 25. Kh1 Bd6 26. f3 a4 27. h4 b5 28. f4 Qxf4 29. e5 Rxe5 30. Qxc6 Rxe2 31. Rxe2 Qf1# 0-1

[Event "Wiesbaden op 27th"]
[Site "Wiesbaden"]
[Date "2015.08.29"]
[Round "5"]
[White "Pade, Joachim"]
[Black "Weiland, Thomas"]
[Result "0-1"]
[WhiteElo "1676"]
[BlackElo "1832"]
[PlyCount "102"]
[EventDate "2015.08.27"]
[EventType "swiss"]
[EventRounds "7"]
[EventCountry "GER"]
[SourceTitle "EXT 2016"]
[Source "ChessBase"]
[SourceDate "2015.10.08"]
[SourceVersion "1"]
[SourceVersionDate "2015.10.08"]
[SourceQuality "1"]

1. e4 d5 2. exd5 Qxd5 3. Nc3 Qd8 4. d4 Nf6 5. Nf3 Bf5 6. Bc4 e6 7. 0-0 Be7 8. Bg5 0-0 9. Ne5 Nbd7 10. f4 c6 11. h3 h6 12. Bh4 Nd5 13. Bxe7 Qxe7 14. Bxd5 exd5 15. g4 Bh7 16. Qd2 f6 17. Nf3 Rfe8 18. Rae1 Qd6 19. f5 Nb6 20. b3 Nd7 21. Qg2 Nf8 22. h4 b6 23. Nh2 Qd7 24. Nd1 Rxe1 25. Rxe1 Re8 26. Rxe8 Qxe8 27. Qf2 Qe4 28. Nc3 Qe8 29. Qe2 Qb8 30. Qf3 Qd6 31. a4 a6 32. Ne2 b5 33. axb5 axb5 34. Qg3 Qe7 35. Nc3 b4 36. Na4 Qe4 37. Qf2 Nd7 38. Nc5 Nxc5 39. dxc5 h5 40. g5 Bxf5 41. gxf6 gxf6 42. Qg3+ Kh7 43. Nf1 d4 44. Qc7+ Kg6 45. Qg3+ Kh6 46. Nd2 Qg4 47. Qxg4 hxg4 48. Nc4 Bxc2 49. Na5 Be4 50. Nc4 Kh5 51. Nd6 f5 0-1

[Event "Wiesbaden op 26th"]
[Site "Wiesbaden"]
[Date "2014.08.31"]
[Round "6"]
[White "Pade, Joachim"]
[Black "Gentner, Markus"]
[Result "0-1"]
[WhiteElo "1713"]
[BlackElo "1988"]
[PlyCount "116"]
[EventDate "2014.08.28"]
[EventType "swiss"]
[EventRounds "7"]
[EventCountry "GER"]
[SourceTitle "CBM 162 Extra"]
[Source "ChessBase"]
[SourceDate "2014.10.17"]
[SourceVersion "1"]
[SourceVersionDate "2014.10.17"]
[SourceQuality "1"]

1. e4 c6 2. d4 d5 3. f3 Qb6 4. Nc3 dxe4 5. fxe4 e5 6. Nf3 exd4 7. Qxd4 Qxd4 8. Nxd4 Nf6 9. h3 Bb4 10. Bd3 0-0 11. 0-0 Re8 12. Re1 Bxc3 13. bxc3 Nbd7 14. Nb3 b6 15. Bf4 c5 16. Nd2 Ne5 17. Rad1 Bb7 18. Nf3 Ng6 19. Bh2 Nxe4 20. Bc4 h6 21. Rd7 Bc6 22. Bxf7+ Kh7 23. Bxe8 Rxe8 24. Rc7 Ba8 25. Rxa7 Bc6 26. Rc7 Ba8 27. c4 Rd8 28. Ra7 Nc3 29. Be5 Nxe5 30. Rxe5 Be4 31. Ra3 Ne2+ 32. Kf2 Bxf3 33. gxf3 Nf4 34. Kg3 g5 35. Kf2 Rd2+ 36. Ke1 Rxc2 37. h4 gxh4 38. Re4 Ng2+ 39. Kd1 Rb2 40. Kc1 h3 41. f4 Rf2 42. Rxh3 Nxf4 43. Rhe3 Kg6 44. a4 Kg5 45. Re7 h5 46. Rb7 Ra2 47. Ra7 h4 48. Kb1 Rd2 49. Kc1 Rd4 50. Rg7+ Kf6 51. Rb7 Rxc4+ 52. Kd1 Rb4 53. Rf3 Kf5 54. Rf7+ Kg4 55. Ra3 h3 56. Rg7+ Kh5 57. Rh7+ Kg6 58. Rh8 Re4 0-1

[Event "Rhein Main op-A 17th"]
[Site "Bad Homburg"]
[Date "2014.06.19"]
[Round "2"]
[White "Schmitz, Tim"]
[Black "Pade, Joachim"]
[Result "1/2-1/2"]
[WhiteElo "1918"]
[BlackElo "1727"]
[PlyCount "87"]
[EventDate "2014.06.18"]
[EventType "swiss"]
[EventRounds "7"]
[EventCountry "GER"]
[SourceTitle "CBM 161 Extra"]
[Source "ChessBase"]
[SourceDate "2014.08.29"]
[SourceVersion "1"]
[SourceVersionDate "2014.08.29"]
[SourceQuality "1"]

1. e4 e6 2. d4 d5 3. Nd2 Nf6 4. e5 Nfd7 5. Bd3 c5 6. c3 cxd4 7. cxd4 Nc6 8. Ngf3 Be7 9. 0-0 Nb6 10. Re1 Bd7 11. a3 Qc7 12. b4 a6 13. Bb2 h6 14. Rc1 g5 15. Nb3 Na4 16. Qc2 Nxb2 17. Qxb2 Qd8 18. Nc5 Bxc5 19. dxc5 g4 20. Nd4 Qg5 21. Nxc6 Bxc6 22. Qd4 0-0 23. Qe3 Qg7 24. Qd4 h5 25. Re3 Kh8 26. Rce1 Qh6 27. Rg3 Rg8 28. Qe3 Qg7 29. h3 Qg5 30. Qxg5 Rxg5 31. h4 Rg7 32. Kf1 Rd8 33. Ke2 d4 34. Kd2 Rgg8 35. Be4 Rgf8 36. Bxc6 bxc6 37. f3 gxf3 38. gxf3 f6 39. Kd3 Rd5 40. f4 fxe5 41. fxe5 Rf4 42. Re4 Rf1 43. Ke2 Rf5 44. Rd3 1/2-1/2

[Event "Rhein Main op-A 17th"]
[Site "Bad Homburg"]
[Date "2014.06.18"]
[Round "1"]
[White "Pade, Joachim"]
[Black "Mertens, Klaus"]
[Result "0-1"]
[WhiteElo "1727"]
[BlackElo "2020"]
[PlyCount "84"]
[EventDate "2014.06.18"]
[EventType "swiss"]
[EventRounds "7"]
[EventCountry "GER"]
[SourceTitle "CBM 161 Extra"]
[Source "ChessBase"]
[SourceDate "2014.08.29"]
[SourceVersion "1"]
[SourceVersionDate "2014.08.29"]
[SourceQuality "1"]

1. e4 c5 2. Bb5 a6 3. Be2 Nc6 4. Nf3 e6 5. c4 g6 6. 0-0 Bg7 7. Nc3 Nge7 8. d3 0-0 9. Be3 d6 10. Qd2 Nd4 11. Rad1 Nec6 12. a3 Rb8 13. Nb1 b5 14. Nxd4 Nxd4 15. Bxd4 Bxd4 16. cxb5 Rxb5 17. Nc3 Rb8 18. Rb1 Qa5 19. Qc2 Bd7 20. Kh1 Rb7 21. f4 Rfb8 22. f5 Bxc3 23. bxc3 Rxb1 24. Rxb1 Rxb1+ 25. Qxb1 Qxc3 26. fxg6 hxg6 27. h4 Bb5 28. a4 Bxa4 29. h5 Bb5 30. g4 Kg7 31. Qf1 Qd2 32. Qf3 Bc6 33. Kg2 a5 34. Kf2 a4 35. h6+ Qxh6 36. Qg3 e5 37. g5 Qh1 38. Bf3 Qc1 39. Qh3 Qxg5 40. Qc8 Bb5 41. Qc7 Qd2+ 42. Kg3 Qxd3 0-1

[Event "Wiesbaden op 25th"]
[Site "Wiesbaden"]
[Date "2013.08.25"]
[Round "7"]
[White "Kuenitz, Klaus"]
[Black "Pade, Joachim"]
[Result "0-1"]
[WhiteElo "1527"]
[BlackElo "1744"]
[PlyCount "66"]
[EventDate "2013.08.22"]
[EventType "swiss"]
[EventRounds "7"]
[EventCountry "GER"]
[SourceTitle "CBM 156 Extra"]
[Source "ChessBase"]
[SourceDate "2013.10.22"]
[SourceVersion "1"]
[SourceVersionDate "2013.10.22"]
[SourceQuality "1"]

1. d4 e6 2. c4 f5 3. Nc3 Nf6 4. Bg5 Be7 5. e3 0-0 6. Nf3 b6 7. Be2 Bb7 8. 0-0 d6 9. b4 Nc6 10. Qb3 Kh8 11. d5 Ne5 12. Nxe5 dxe5 13. Rad1 exd5 14. Nxd5 Nxd5 15. Bxe7 Qxe7 16. cxd5 Rad8 17. Rd2 Rd6 18. Rc1 c6 19. Rdc2 g5 20. Qb2 f4 21. e4 Qg7 22. Bg4 f3 23. Bxf3 Rxf3 24. gxf3 Rh6 25. Qc3 g4 26. fxg4 Qxg4+ 27. Qg3 Qxe4 28. Rc4 Qxd5 29. Rg4 c5 30. f3 Rf6 31. Rf1 e4 32. Rxe4 Qf7 33. Re3 Rg6 0-1

[Event "Wiesbaden op 25th"]
[Site "Wiesbaden"]
[Date "2013.08.24"]
[Round "4"]
[White "Pade, Joachim"]
[Black "Braunberger, Gerald"]
[Result "0-1"]
[WhiteElo "1754"]
[BlackElo "1951"]
[PlyCount "54"]
[EventDate "2013.08.22"]
[EventType "swiss"]
[EventRounds "7"]
[EventCountry "GER"]
[SourceTitle "EXT 2014"]
[Source "ChessBase"]
[SourceDate "2013.11.20"]
[SourceVersion "1"]
[SourceVersionDate "2013.11.20"]
[SourceQuality "1"]

1. e4 c5 2. Nf3 g6 3. c3 Bg7 4. h3 Nf6 5. Bd3 Nc6 6. Bc2 0-0 7. a3 d5 8. e5 Ne8 9. d4 cxd4 10. cxd4 f6 11. Bf4 Qb6 12. b4 fxe5 13. Bxe5 Nxe5 14. dxe5 e6 15. 0-0 Bd7 16. Nbd2 Nc7 17. Nb3 Ba4 18. Nc5 Bxc2 19. Qxc2 Rad8 20. Rac1 Na6 21. Rfe1 Bh6 22. Rb1 Rc8 23. Rec1 Bxc1 24. Qxc1 Nxc5 25. Qh6 Ne4 26. Rf1 Rc2 27. Nh4 Rcxf2 0-1

[Event "Rhein Main op-A 16th"]
[Site "Bad Homburg"]
[Date "2013.06.01"]
[Round "6"]
[White "Pade, Joachim"]
[Black "Boschek, Hans Joachim"]
[Result "0-1"]
[WhiteElo "1749"]
[BlackElo "1928"]
[PlyCount "118"]
[EventDate "2013.05.29"]
[EventType "swiss"]
[EventRounds "7"]
[EventCountry "GER"]
[SourceTitle "EXT 2014"]
[Source "ChessBase"]
[SourceDate "2013.11.20"]
[SourceVersion "1"]
[SourceVersionDate "2013.11.20"]
[SourceQuality "1"]

1. e4 c5 2. Nf3 e6 3. g3 Nc6 4. Bg2 d6 5. 0-0 Nf6 6. d3 Be7 7. a4 0-0 8. Na3 e5 9. c3 h6 10. h3 Be6 11. Ne1 Qd7 12. Kh2 Rad8 13. f4 Na5 14. c4 Qe8 15. Bd2 Nc6 16. f5 Bd7 17. b3 a6 18. g4 Nd4 19. Nf3 Nxf3+ 20. Qxf3 b5 21. a5 Nh7 22. Qg3 Bg5 23. Bxg5 hxg5 24. Bf3 f6 25. Kg2 Kf7 26. Nc2 Rb8 27. Rfb1 bxc4 28. bxc4 Qd8 29. Qe1 Qc7 30. Ne3 Bc6 31. Bd1 Rxb1 32. Rxb1 Rb8 33. Rxb8 Qxb8 34. Qc3 Nf8 35. Qb3 Qb4 36. Qxb4 cxb4 37. Bb3 Nd7 38. c5+ Ke7 39. cxd6+ Kxd6 40. Bc4 Nc5 41. Nc2 b3 42. Na3 b2 43. Bxa6 Nxa6 44. Nc4+ Kc5 45. Nxb2 Kd4 46. h4 gxh4 47. Kh3 Kc3 48. Nd1+ Kxd3 49. Kxh4 Kxe4 50. Nf2+ Kf3 51. Nh3 Bd7 52. Ng1+ Kf2 53. Nh3+ Kg2 54. Ng5 fxg5+ 55. Kxg5 Kg3 56. f6 gxf6+ 57. Kxf6 e4 58. g5 Be8 59. Ke5 e3 0-1

[Event "Rhein Main op-A 16th"]
[Site "Bad Homburg"]
[Date "2013.05.31"]
[Round "4"]
[White "Pade, Joachim"]
[Black "Kretner, Georg Ulrich"]
[Result "0-1"]
[WhiteElo "1749"]
[BlackElo "1883"]
[PlyCount "74"]
[EventDate "2013.05.29"]
[EventType "swiss"]
[EventRounds "7"]
[EventCountry "GER"]
[SourceTitle "EXT 2014"]
[Source "ChessBase"]
[SourceDate "2013.11.20"]
[SourceVersion "1"]
[SourceVersionDate "2013.11.20"]
[SourceQuality "1"]

1. e4 g6 2. d4 Bg7 3. Nf3 d6 4. h3 Nf6 5. Bd3 0-0 6. 0-0 Nbd7 7. Be3 c5 8. c3 b6 9. Nbd2 Bb7 10. Rc1 Rc8 11. Ne1 Rc7 12. f4 Qa8 13. d5 e6 14. c4 exd5 15. cxd5 Re8 16. b3 Nxd5 17. exd5 Rxe3 18. Nc4 Bd4 19. Kh2 Nf6 20. Nxe3 Bxe3 21. Rc2 Nxd5 22. f5 Bf4+ 23. Rxf4 Nxf4 24. fxg6 hxg6 25. Bf1 Qd8 26. Qg4 Ne6 27. Rf2 Qg5 28. Qd1 d5 29. Nf3 Qf4+ 30. g3 Qe3 31. Rd2 d4 32. Nh4 Ng5 33. Bg2 Bxg2 34. Rxg2 Re7 35. Qg4 d3 36. Nf5 gxf5 37. Qxf5 Nf3+ 0-1

[Event "Wiesbaden op 24th"]
[Site "Wiesbaden"]
[Date "2012.08.26"]
[Round "7"]
[White "Happel, Juergen"]
[Black "Pade, Joachim"]
[Result "0-1"]
[WhiteElo "1554"]
[BlackElo "1737"]
[PlyCount "78"]
[EventDate "2012.08.23"]
[EventType "swiss"]
[EventRounds "7"]
[EventCountry "GER"]
[SourceTitle "CBM 150 Extra"]
[Source "ChessBase"]
[SourceDate "2012.10.19"]
[SourceVersion "1"]
[SourceVersionDate "2012.10.19"]
[SourceQuality "1"]

1. d4 e6 2. c4 f5 3. Nf3 Nf6 4. Nc3 Be7 5. h3 0-0 6. Bf4 d6 7. e3 Ne4 8. Nxe4 fxe4 9. Nd2 d5 10. a3 a5 11. c5 Rxf4 12. exf4 e3 13. Nf3 exf2+ 14. Kxf2 Nd7 15. Ke3 Nxc5 16. dxc5 Bxc5+ 17. Kd3 Qf6 18. Rc1 b6 19. Rxc5 bxc5 20. Ke3 Qxb2 21. Ne5 Rb8 22. Qh5 Qd4+ 23. Kf3 Qe4+ 24. Kg4 g6 25. Qh4 h5+ 26. Kg3 Qe1+ 27. Kh2 Qxh4 28. Nxg6 Qf6 29. f5 Rb1 30. Be2 Rxh1+ 31. Kxh1 h4 32. Bh5 exf5 33. Nf4 c4 34. Nxd5 Qa1+ 35. Kh2 Qe5+ 36. Kh1 Qxd5 37. Bf3 Qd2 38. Bd5+ Qxd5 39. a4 Bb7 0-1

[Event "Wiesbaden op 24th"]
[Site "Wiesbaden"]
[Date "2012.08.25"]
[Round "4"]
[White "Pade, Joachim"]
[Black "Marzec, Witold"]
[Result "1-0"]
[WhiteElo "1737"]
[BlackElo "1846"]
[PlyCount "79"]
[EventDate "2012.08.23"]
[EventType "swiss"]
[EventRounds "7"]
[EventCountry "GER"]
[SourceTitle "CBM 150 Extra"]
[Source "ChessBase"]
[SourceDate "2012.10.19"]
[SourceVersion "1"]
[SourceVersionDate "2012.10.19"]
[SourceQuality "1"]

1. e4 c5 2. Nf3 d6 3. Bb5+ Bd7 4. Bxd7+ Nxd7 5. 0-0 e5 6. c3 Ngf6 7. Re1 Be7 8. h3 0-0 9. d4 cxd4 10. cxd4 b5 11. d5 Nc5 12. Nfd2 Rc8 13. Re3 Qc7 14. Nc3 a6 15. Ne2 Nh5 16. Nb3 Qb7 17. Nxc5 Rxc5 18. Rc3 Rfc8 19. Rxc5 Rxc5 20. Be3 Rc4 21. f3 h6 22. b3 Rc7 23. g4 Nf6 24. Rc1 Qc8 25. Rxc7 Qxc7 26. Qd3 g5 27. Ng3 Bf8 28. Nf5 Kh7 29. Kh2 Nd7 30. Kg3 f6 31. Qd2 Kg6 32. h4 Nb8 33. Qh2 Qd8 34. hxg5 fxg5 35. Qh5+ Kh7 36. Qf7+ Kh8 37. Bb6 Qc8 38. Bc7 Nd7 39. Bxd6 Qc1 40. Bxe5+ 1-0